000 00424nam a2200121Ia 4500
008 231129s9999||||xx |||||||||||||| ||spa||
020 _a978-84-15968-25-2
082 _a616.89156 D278c
100 _aDe Miguel Campos Lola
245 0 _aConstelaciones familiares: La reconciliación con nuestras raí­ces desde el amor
264 _aBarcelona España : Ediciones Obelisco
942 _2ddc
_cBKS
999 _c7954
_d7954